000 00240nam a2200097Ia 4500
008 231207s9999 xx 000 0 und d
082 _a701
_bSHA
100 _aSharma, B. R.
245 4 _aThe death of art
260 _bUniversity Press of America
999 _c40072
_d40072